| 000 | 00539nam a2200121Ia 4500 | ||
|---|---|---|---|
| 008 | 220620s9999||||xx |||||||||||||| ||und|| | ||
| 100 | _aRosenberger, Nancy R. | ||
| 245 | 0 |
_aDilemmas of Adulthood _bJapanese Women and the Nuances of Long-Term Resistance |
|
| 546 | _aEnglish[eng] | ||
| 650 | _aSociology | ||
| 856 | _uhttps://library.oapen.org/bitstream/20.500.12657/25943/1/1004138.pdf||https://library.oapen.org/bitstream/20.500.12657/25943/1/1004138.pdf||https://library.oapen.org/bitstream/20.500.12657/25943/1/1004138.pdf | ||
| 942 | _cEB | ||
| 999 |
_c25688 _d25688 |
||